书目信息 |
| 题名: |
国际融资与结算
|
|
| 作者: | 郑建明 , 潘慧峰 主编 | |
| 分册: | ||
| 出版信息: | 北京 北京师范大学出版社 2008 |
|
| 页数: | 324页 | |
| 开本: | 23cm | |
| 丛书名: | ||
| 单 册: | ||
| 中图分类: | F831.6 , F830.73 | |
| 科图分类: | ||
| 主题词: | 国际金融--融资--高等学校--教材 , 国际结算--高等学校--教材 , 国际金融 , 融资 , 国际结算 | |
| 电子资源: | ||
| ISBN: | 978-7-303-09277-2 | |
| 000 | 01223nam0 2200325 45 | |
| 001 | 1029857214 | |
| 005 | 20100428150831.89 | |
| 010 | @a978-7-303-09277-2@dCNY33.00 | |
| 100 | @a20100420d2008 em y0chiy50 ea | |
| 101 | 0 | @achi |
| 102 | @aCN@b110000 | |
| 105 | @ay z 000yy | |
| 106 | @ar | |
| 200 | 1 | @a国际融资与结算@AGuo Ji Rong Zi Yu Jie Suan@dInternational financing and settlement@f郑建明,潘慧峰主编@FZheng Jian Ming, Pan Hui Feng Zhu Bian@zeng |
| 210 | @a北京@c北京师范大学出版社@d2008 | |
| 215 | @a324页@d23cm | |
| 300 | @a新世纪高等学校教材 国际贸易学核心课系列教材 | |
| 330 | @a本书通过对国际融资与结算的基本理论、基本原理、基础知识和国际惯例的讲解,使学生对国际融资与结算的基本理论、基本原理、国际惯例有全面系统的了解和认识,并能熟练进行国际融资与结算的各种实际业务操作。 | |
| 510 | 1 | @aInternational financing and settlement@zeng |
| 606 | 0 | @a国际金融@x融资@x高等学校@j教材 |
| 606 | 0 | @a国际结算@x高等学校@j教材 |
| 606 | 0 | @a国际金融 |
| 606 | 0 | @a融资 |
| 606 | 0 | @a国际结算 |
| 690 | @aF831.6@v4 | |
| 690 | @aF830.73@v4 | |
| 701 | 0 | @a郑建明@AZheng Jian Ming@4主编 |
| 701 | 0 | @a潘慧峰@APan Hui Feng@4主编 |
| 801 | 0 | @aCN@bTANGWEI@c20100428 |
| 905 | @b0593203-07@dF831.6@e49@f5 | |
| 国际融资与结算=International financing and settlement/郑建明,潘慧峰主编.-北京:北京师范大学出版社,2008 |
| 324页;23cm |
| 新世纪高等学校教材 国际贸易学核心课系列教材 |
| ISBN 978-7-303-09277-2:CNY33.00 |
| 本书通过对国际融资与结算的基本理论、基本原理、基础知识和国际惯例的讲解,使学生对国际融资与结算的基本理论、基本原理、国际惯例有全面系统的了解和认识,并能熟练进行国际融资与结算的各种实际业务操作。 |
| ● |
| 相关链接 |
|
|
|
|
正题名:国际融资与结算
索取号:F831.6/49
 
预约/预借
| 序号 | 登录号 | 条形码 | 馆藏地/架位号 | 状态 | 备注 |
| 1 | 0593203 | 205932035 | 第一样本阅览室/ [索取号:F831.6/49] | 在馆 | |
| 2 | 0593204 | 205932044 | 第一借阅区/ [索取号:F831.6/49] | 在馆 | |
| 3 | 0593205 | 205932053 | 第一借阅区/ [索取号:F831.6/49] | 在馆 | |
| 4 | 0593206 | 205932062 | 第一借阅区/ [索取号:F831.6/49] | 在馆 | |
| 5 | 0593207 | 205932071 | 第一借阅区/ [索取号:F831.6/49] | 在馆 |